Premiers of Ontario - Statistics

General Stats
  • This quiz has been taken 31 times
  • The average score is 9 of 26
Answer Stats
Term Political Party Premier % Correct
2018 - Present Progressive Conservative Party Doug Ford
100%
2013 - 2018 Liberal Party Kathleen Wynne
76%
2003 - 2013 Liberal Party Dalton McGuinty
65%
1995 - 2002 Progressive Conservative Party Mike Harris
65%
1990 - 1995 New Democratic Party Bob Rae
59%
2002 - 2003 Progressive Conservative Party Ernie Eves
47%
1971 - 1985 Progressive Conservative Party Bill Davis
35%
1985 - 1990 Liberal Party David Peterson
35%
1867 - 1871 Liberal-Conservative Party John Sandfield MacDonald
35%
1949 - 1961 Progressive Conservative Party Leslie Frost
35%
1934 - 1942 Liberal Party Mitchell Hepburn
35%
1872 - 1896 Liberal Party Sir Oliver Mowat
35%
1961 - 1971 Progressive Conservative Party John Robarts
29%
1943 - 1948 Progressive Conservative Party George A. Drew
24%
1943 Liberal Party Harry Nixon
24%
1899 - 1905 Liberal Party Sir George William Ross
24%
1948 - 1949 Progressive Conservative Party Thomas Laird Kennedy
24%
1871 - 1872 Liberal Party Edward Blake
18%
1919 - 1923 United Farmers of Ontario Ernest Drury
18%
1985 Progressive Conservative Party Frank Miller
18%
1930 - 1934 Conservative Party George Stewart Henry
12%
1942 - 1943 Liberal Party Gordon Daniel Conant
12%
1905 - 1914 Conservative Party Sir James Whitney
12%
1896 - 1899 Liberal Party Arthur Sturgis Hardy
6%
1923 - 1930 Conservative Party Howard Ferguson
6%
1914 - 1919 Conservative Party Sir William Hearst
6%
No matching quizzes found
Score Distribution
Percent of People with Each Score
Percentile by Number Answered
Your Score History
You have not taken this quiz